000 00839nam a2200265 a 4500
001 BRCA_7447
005 20190320205835.0
008 110413s1938----mx-a######---#000-0#eng-#
041 _aeng
044 _amx
050 4 _aF1219.3
_b.C37 1938
100 1 _aCaso, Alfonso
_917369
245 1 0 _aThirteen masterpieces of Mexican archaeology
_cby Alfonso Caso ; tr. by Edith Mackie and Jorge R. Acosta.
260 _aMéxico
_bCultura y Polis
_c1938
300 _a131 p.
_bil. (algunas a color), 13 láminas
500 _aQ200
546 _aTexto en: inglés y español
650 1 4 _aIndios de México
_xArte
_917936
650 1 4 _aIndios de México
_xAntigüedades
_918340
651 4 _aMéxico
_xAntigüedades
_92765
700 1 _aMackie, Edith
_etr.
_918341
700 1 _aAcosta, Jorge R.
_etr.
_918342
902 _aGFM
942 _2lcc
_cB
999 _c7123
_d7123